00360nam a2200121Ia 4500008004000000082001600040100002900056245006600085250000500151260005100156300001100207650002000218210210b2002 xxu||||| |||| 00| 0 eng d a510.02 KHAS aKHANNA (M L) and others. aScreening mathematics. (for IIT screening examination). Ed 5. a aMeerut.bJai Prakash Nath Publications.,c2002 aii,384 aIIT Screening